National Infrastructure Plan for Skills (Record no. 115585)

MARC details
000 -LEADER
fixed length control field 01286cad a22002175a 4500
001 - CONTROL NUMBER
control field L158920
008 - FIXED-LENGTH DATA ELEMENTS--GENERAL INFORMATION
fixed length control field 151007s2015 xxk f 000 0 eng d
035 ## - SYSTEM CONTROL NUMBER
System control number (Sirsi) u158920
041 0# - LANGUAGE CODE
Language code of text/sound track or separate title eng
110 1# - MAIN ENTRY--CORPORATE NAME
Corporate name or jurisdiction name as entry element United Kingdom
Subordinate unit HM Treasury
245 00 - TITLE STATEMENT
Title National Infrastructure Plan for Skills
Medium [electronic resource]
260 ## - PUBLICATION, DISTRIBUTION, ETC.
Place of publication, distribution, etc. London
Name of publisher, distributor, etc. HM Treasury
Date of publication, distribution, etc. 2015
520 ## - SUMMARY, ETC.
Summary, etc. Presents an analysis of the skills landscape in the UK and sets out the key challenges faced by the industry to deliver the infrastructure pipeline. The findings include that there is a demand for over 250 000 construction workers and over 150 000 engineering construction workers by 2020; there is also a need to train and upskill around 250,000 of the existing workforce over the next decade in addition to the need to recruit new workers. Skilled workers need to find it easier to move between sectors and projects in order to reduce the key skills shortages for major projects and programmes.
590 ## - LOCAL NOTE (RLIN)
Local note KA
650 24 - SUBJECT ADDED ENTRY--TOPICAL TERM
Topical term or geographic name entry element SKILL GAP
650 24 - SUBJECT ADDED ENTRY--TOPICAL TERM
Topical term or geographic name entry element SKILLS
651 #4 - SUBJECT ADDED ENTRY--GEOGRAPHIC NAME
Geographic name United Kingdom
690 ## - LOCAL SUBJECT ADDED ENTRY--TOPICAL TERM (OCLC, RLIN)
Topical term or geographic name as entry element Infrastructure
9 (RLIN) 6246
856 40 - ELECTRONIC LOCATION AND ACCESS
Uniform Resource Identifier <a href="https://www.gov.uk/government/uploads/system/uploads/attachment_data/file/464354/NIP_for_skills_final_web.pdf">https://www.gov.uk/government/uploads/system/uploads/attachment_data/file/464354/NIP_for_skills_final_web.pdf</a>
Public note View the report free of charge at www.gov.uk
942 ## - ADDED ENTRY ELEMENTS (KOHA)
Suppress in OPAC 0
Holdings
Withdrawn status Lost status Source of classification or shelving scheme Damaged status Not for loan Home library Current library Shelving location Date acquired Total Checkouts Full call number Barcode Date last seen Copy number Price effective from Koha item type
    Dewey Decimal Classification     Virtual Virtual Online 07/10/2015   ONLINE PUBLICATION L158920 06/08/2019 1 06/08/2019 Book